000 01168njm a22003137a 4500
005 20100915101217.0
007 sd ammalaaahaa
008 100915t xxu||||| |||| 00| 0 hin d
028 _a2392 130
_bPolydor
035 _aGR-02613
040 _aSED/VEN
100 _aMangeshkar, Lata
_91184
245 _aDharamveer :
_cby Lata Mangeshkar & Asha Bhosle ; music by Laxmikant Pyarelal ; lyrics by Anand Bakshi
_h[sound recording] :
_bSongs & Dialogues /
246 _aधरमवीर (लता मंगेशकर )
260 _aDum Dum India
_bPolydor
_cn. d.
300 _a1 sound disc [Gramophone record] :
_banalog, 33/ 3/1 rpm
_c12 in.
_fGramophone Record
500 _aBrief Record
500 _aPolydor
500 _aOrange
500 _aLong Play
505 _aDialogues + 0 Meri Mehbooba part 1 (Mohd. Rafi) Dialogues + Saat Ajube Part 2 (Mohd. Rafi) (
650 _2Song & Dialogues
_xExcerpts
_zIndia
_920098
700 _aBhosle, Asha
_920099
700 _920100
_aLaxmikant Pyarelal
700 _920126
_aBakshi, Anand
700 _920127
942 _2ddc
_cGR
999 _c45929
_d45929